Countries by Active Military Personnel - Statistics

General Stats
  • This quiz has been taken 55 times
  • The average score is 20 of 25
Answer Stats
Active Personnel Country % Correct
2,035,000 China
100%
1,100,000 Russia
100%
196,453 United Kingdom
100%
366,500 Brazil
98%
1,475,750 India
98%
208,750 France
96%
660,000 Pakistan
96%
1,328,000 United States
96%
216,000 Mexico
94%
500,000 South Korea
94%
1,280,000 North Korea
92%
438,500 Egypt
90%
610,000 Iran
88%
404,500 Indonesia
86%
247,000 Japan
86%
355,200 Turkey
86%
1,250,000 Ukraine
84%
450,000 Vietnam
78%
257,000 Saudi Arabia
73%
360,850 Thailand
71%
293,200 Columbia
65%
201,000 Myanmar
61%
195,800 Morocco
41%
255,000 Sri Lanka
25%
201,750 Eritrea
10%
No matching quizzes found
Score Distribution
Percent of People with Each Score
Percentile by Number Answered
Your Score History
You have not taken this quiz